00525 2200205 4500001002100000005001500021008004100036020001800077035002500095041000800120082001000128090001000138100001800148245002300166250002700189260003100216300003500247650002100282650001600303INLIS00000000000763520130515193214 ind  a979-3600-00-4 a0010-051300000007635 aind a303.4 a303.4 aMoammar, Emka aJakarta Undercover aEdisi : 1; Cetakan : 9 aJakartabGagas Mediac2003 axliv, 390 hlm. : ilus. ;18 cm. aPerubahan Sosial aGaya Hidup-